| 000 | 01045 a2200241 4500 | ||
|---|---|---|---|
| 001 | 21548 | ||
| 999 |
_c21548 _d16342 |
||
| 003 | TR-AnTOB | ||
| 005 | 20200605145230.0 | ||
| 008 | 110118s1997 tu 000 0 | ||
| 020 | _a9751608686 | ||
| 041 | _atur | ||
| 050 |
_aCE59 _b.D34 1997 |
||
| 090 | _aREF CE59 .D34 1997 | ||
| 100 |
_aDağlı, Yücel _914673 |
||
| 245 | 0 |
_aTarih çevirme kılavuzu / _cYücel Dağlı ; Cumhure Üçer. |
|
| 264 | 1 |
_aAnkara : _bAtatürk Kültür, Dil ve Tarih Yüksek Kurumu Türk Tarih Kurumu, _c1997 |
|
| 300 |
_a5 v. ; _c24 cm. |
||
| 490 | 0 |
_aAtatürk Kültür, Dil ve Tarih Yüksek Kurumu Türk Tarih Kurumu Yayınları; VII. _aDizi-Sayı; 174 |
|
| 500 | _av.1 21 C. 001 - 29 Z. 300 (31 aralık 622- 06 Ağustos 913)--v.2 01 M. 301 - 29 Z. 600 (07 Ağustos 913 - 28 Ağustos 1024) v.3-- 01 M. 601 - 29 Z. 900 (29 Ağustos 1024 - 20 Eylül 1495)--v.4 01 M.901- 29 Z. 1200 (21 Eylül 1495- 23 Ekim 1786)--v.5 01 M. 1201- 29 Z.1500 (24 Ekim 1786- 16 Kasım 2077) | ||
| 650 | 7 |
_aİslami takvim _2etuturkob _914674 |
|
| 902 | _a0010331 | ||
| 942 | _cREF | ||